000 00373nam a2200145Ia 4500
008 230711s9999||||xx |||||||||||||| ||und||
041 _aENG
082 _a621
_bYA-D
100 _aYarbrough,John M
245 0 _aDigital logic applications and design
250 _a1st . Ed.
260 _c2001
_aNew Delhi
_bPWB Publication
650 _aElectronics Engineering
942 _cBK
999 _c4110
_d4110